MDQL
is popping MORE tags! Check the
thread
!
Quizzes
Events
Quiz Creation
Community
Videos
Private Events
Remove Ads
Sign In
Join for FREE
Feedback
Dark Mode
Quiz Categories
Sports
Geography
Music
Movies
Television
Just For Fun
Miscellaneous
History
Literature
Language
Science
Gaming
Entertainment
Religion
Holiday
For Kids
Quiz Lab
Recent
Popular Today
Quiz Kudos Today
Editor Picks
Curator Picks
Quizzes by...
Day
Popularity
Type
Ratings
Length
Year
Community
Subscriptions
Recent Discussions
Orange Saloon
Badges
Playlists
Quests
Create
Leaderboards
Showdown
Live 5
Trivia Bingo
Activity
Puzzle Library
Sporcle Events
Private Events
Virtual Trivia
Globe League
Become a Host
Pub Owners
SporcleCon
Opinionation
Our Games
Videos
Blog
Mobile Apps
Partnerships
Remove Ads and Go Orange
Feedback
Sports
Athletes
MLB
NBA
NHL
NFL
Soccer
Sports Teams
WWE
NCAA
Football
Premier League
Basketball
Baseball
Hockey
Golf
Tennis
Cricket
Rugby
Auto Racing
Olympics
World Cup
Sports
Athletes
MLB
NBA
NHL
NFL
Soccer
Sports Teams
WWE
NCAA
Football
Premier League
Basketball
Baseball
Hockey
Golf
Tennis
Cricket
Rugby
Auto Racing
Olympics
World Cup
Random Quiz
Search Sporcle
×
Quiz Lab
Quiz Lab
Sports
State
Type in answers that appear in a list
Type in answers that appear in a list
Classic
Best Score? Go Orange.
NL Minor League Affiliates Stats
Can you name the Minor League affiliates of the National League teams?
By
stradabolt
15m
81 Questions
75 Plays
75 Plays
75 Plays
Comments
Comments
Give Quiz Kudos
Give Quiz Kudos
-
- Ratings
hide this ad
Replay
Link that replays current quiz
Next Quiz
Link to next quiz in quiz playlist
You Got
0%
They Got
Avg Score
28%
Avg Friend Score
Upgrade to see
Score Distribution
Jump to the score distribution portion of the page
Score
0/81
Timer
15:00
0
Plays Today
Major League Team
City + Nickname
% Correct
Chicago Cubs
Iowa Cubs
71.6%
Pittsburgh Pirates
Indianapolis Indians
59.5%
Atlanta Braves
Gwinnett Stripers
58.1%
Cincinnati Reds
Louisville Bats
58.1%
Los Angeles Dodgers
Oklahoma City Dodgers
58.1%
St. Louis Cardinals
Memphis Redbirds
56.8%
Atlanta Braves
Mississippi Braves
55.4%
Philadelphia Phillies
Reading Fightin' Phils
55.4%
New York Mets
Binghamton Rumble Ponies
54.1%
Colorado Rockies
Albuquerque Isotopes
52.7%
Philadelphia Phillies
Lehigh Valley IronPigs
52.7%
Washington Nationals
Fresno Grizzlies
52.7%
Milwaukee Brewers
San Antonio Missions
51.4%
New York Mets
Syracuse Mets
51.4%
Washington Nationals
Harrisburg Senators
51.4%
Arizona Diamondbacks
Reno Aces
50%
Atlanta Braves
Rome Braves
50%
San Diego Padres
El Paso Chihuahuas
50%
San Francisco Giants
Sacramento River Cats
50%
Miami Marlins
Wichita Wind Surge
50%
Miami Marlins
Jacksonville Jumbo Shrimp
50%
Pittsburgh Pirates
Bristol Pirates
50%
Chicago Cubs
Tennessee Smokies
48.6%
New York Mets
Brooklyn Cyclones
47.3%
St. Louis Cardinals
Springfield Cardinals
47.3%
Arizona Diamondbacks
Jackson Generals
43.2%
Chicago Cubs
Myrtle Beach Pelicans
43.2%
Major League Team
City + Nickname
% Correct
Pittsburgh Pirates
Altoona Curve
43.2%
Chicago Cubs
South Bend Cubs
41.9%
Los Angeles Dodgers
Tulsa Drillers
41.9%
Pittsburgh Pirates
Greensboro Grasshoppers
41.9%
San Diego Padres
Amarillo Sod Poodles
41.9%
San Francisco Giants
San Jose Giants
41.9%
Atlanta Braves
Florida Fire Frogs
40.5%
Atlanta Braves
Danville Braves
40.5%
Cincinnati Reds
Chattanooga Lookouts
40.5%
Cincinnati Reds
Dayton Dragons
40.5%
Colorado Rockies
Hartford Yard Goats
40.5%
Colorado Rockies
Grand Junction Rockies
40.5%
Pittsburgh Pirates
West Virginia Black Bears
40.5%
San Francisco Giants
Richmond Flying Squirrels
40.5%
Philadelphia Phillies
Lakewood BlueClaws
39.2%
San Diego Padres
Fort Wayne TinCaps
39.2%
Washington Nationals
Auburn Doubledays
39.2%
Cincinnati Reds
Daytona Tortugas
37.8%
Milwaukee Brewers
Biloxi Shuckers
37.8%
Milwaukee Brewers
Wisconsin Timber Rattlers
37.8%
New York Mets
St. Lucie Mets
37.8%
Philadelphia Phillies
Clearwater Threshers
37.8%
San Francisco Giants
Augusta GreenJackets
37.8%
Washington Nationals
Fredericksburg Nationals
37.8%
Arizona Diamondbacks
Kane County Cougars
36.5%
Cincinnati Reds
Billings Mustangs
36.5%
Los Angeles Dodgers
Ogden Raptors
36.5%
Major League Team
City + Nickname
% Correct
New York Mets
Columbia Fireflies
36.5%
St. Louis Cardinals
State College Spikes
36.5%
Arizona Diamondbacks
Missoula Paddle Heads
35.1%
Los Angeles Dodgers
Rancho Cucamonga Quakes
35.1%
Los Angeles Dodgers
Great Lakes Loons
35.1%
Pittsburgh Pirates
Bradenton Marauders
35.1%
St. Louis Cardinals
Peoria Chiefs
35.1%
Washington Nationals
Hagerstown Suns
35.1%
Chicago Cubs
Eugene Emeralds
33.8%
Colorado Rockies
Asheville Tourists
33.8%
Milwaukee Brewers
Rocky Mountain Vibes
33.8%
San Diego Padres
Tri-City Dust Devils
33.8%
Miami Marlins
Batavia Muckdogs
33.3%
Miami Marlins
Clinton LumberKings
33.3%
Miami Marlins
Jupiter Hammerheads
33.3%
Cincinnati Reds
Greeneville Reds
33.3%
Colorado Rockies
Lancaster JetHawks
32.4%
St. Louis Cardinals
Palm Beach Cardinals
32.4%
St. Louis Cardinals
Johnson City Cardinals
32.4%
Philadelphia Phillies
Williamsport Crosscutters
31.1%
San Francisco Giants
Salem-Keizer Volcanoes
29.7%
Arizona Diamondbacks
Visalia Rawhide
28.4%
Colorado Rockies
Boise Hawks
28.4%
Milwaukee Brewers
Carolina Mudcats
28.4%
Arizona Diamondbacks
Hillsboro Hops
27%
New York Mets
Kingsport Mets
27%
San Diego Padres
Lake Elsinore Storm
27%
Quiz Playlist
Details
Report
Send in Message
Add To Playlist
Classic:
Type in answers that appear in a list
Last Updated: Aug 4, 2018
Quiz Scoreboard
CHALLENGE
Sign Up to Join the Scoreboard
Show All
Scores
Hide
Comments
May contain spoilers
Recently Published
Image Sorting: Flags VI
by Barbecue
Geography
2m
Find the 'City' Movie
by crazypaving
Movies
60s
Colored Red Africa Blitz
by spor1
Geography
45s
More to Explore
Quiz From the Vault
Featured Blog Post
14 Easter Pick-up Lines to Find Eggs With
hide this ad
You Might Also Like...
Tags
City Quiz
State Quiz
Affiliate
League
Level
major
minor
Minor League
national
National League
nickname
team
Today's Top Quizzes in Sports
Browse Sports
hide this ad
Today's Top Quizzes in State
Browse State
Top Contributed Quizzes in Sports
1
Les meilleurs buteurs des matchs entre le PSG et l’OM
2
Les entraîneurs de l'OM et du PSG au 21e siècle
3
Les joueurs passés par le PSG et l'OM
4
2022 World Cup Stars
5
Players with Multiple 50 Home Run Seasons
6
Criteria MLB: Left Handed Sluggers
7
Les joueurs passés par le LOSC et le RC Lens
8
NBA Logic Puzzle 2.0
9
MLB Players with Two .350 Batting Average Seasons
10
FIFA Club World Cup Champions
Explore More
Trending Topics
Kpop
Disney
NBA
Crossword
Marvel
Harry Potter
Anime
Soccer
Puzzle
WWE
Song
Country
Pokémon
NFL
The Office
hide this ad
More By:
stradabolt
Quiz
Plays
Rating
Category
Featured
Created
Counties of Iowa
2,119
5.00
Geography
Oct 5, 2009
County Seats of Iowa
220
3.00
Geography
Oct 5, 2009
Unique NCAA Nicknames Part I
175
3.00
Sports
Jan 11, 2011
NCAA/Minor Leagues Shared Nicknames
167
4.00
Sports
Dec 30, 2010
Unique NCAA Nicknames Part IV
157
5.00
Sports
Jan 21, 2011
Go to Creator's Profile
Score Distribution
Quiz Creator Spotlight
stradabolt
Follow
Send a Message
Quizzes Created
-
Created Quiz Play Count
-
More By This Creator
Popular Quizzes Today
1
Colored Red Africa Blitz
2
Find the US States - No Outlines Minefield
3
Find the 'City' Movie
4
5x2 Blitz: Bands
5
The Countries of the World
6
Find the US States
7
Find the Countries of Europe - No Outlines Minefield
8
US States
More Sports Quizzes
30-second 1994 Royal Rumble picture click
Quiz Lab
Trending Quizzes
Colored Red Europe Blitz I
Colored Red Europe Blitz II
Colored Red Africa Blitz II
Colored Red Europe Blitz III
Colored Red Africa Blitz III
Recently Updated
How Do You Spell That?
pecheneg
Godzilla Movies
pecheneg
Grab Bag: 4-10 Letters
pecheneg
2024 March Madness Bracket
pecheneg
Famous TV Couples
Peacemaker
Champions League XIs: Real Madrid
pecheneg
Largest US Cities 1790-2010
pecheneg
Rides in Walt Disney World
pecheneg
Most Oscar Losses (Acting)
pecheneg
Beyoncé Albums
pecheneg
Trending Topics
Disney
Crossword
Kpop
Marvel
Harry Potter
NBA
Anime
Song
The Office
Pokémon
Country
Puzzle
WWE
NFL
Soccer
Your Account Isn't Verified!
In order to create a playlist on Sporcle, you need to verify the email address you used during registration. Go to your
Sporcle Settings
to finish the process.
Report this User
Report this user for behavior that violates our
Community Guidelines
.
Details:
Send Report
Go to the Sporcle.com Mobile Site →
Comments